Better Man - 5 Seconds of Summer (All Lyrics) - Statistics

General Stats
  • This quiz has been taken 249 times
  • The average score is 334 of 386
Answer Stats
Better Man % Correct
a
100%
be
99%
I
99%
i
99%
man
99%
you
99%
You
99%
better
98%
your
98%
Your
98%
love
97%
me
96%
i'm
95%
I'm
95%
the
95%
to
95%
with
95%
Chorus With
95%
all
94%
All
94%
my
94%
of
94%
in
93%
at
92%
who
91%
and
89%
And
89%
Verse 1 Find
88%
three
88%
every
87%
hand
87%
it
87%
cigarette
86%
I'd
86%
i'd
86%
away
85%
quarter
85%
miss
84%
party
84%
wouldn't
84%
chance
83%
change
83%
Pre-Chorus Fading
83%
fading
83%
up
83%
nothing
82%
say
82%
when
82%
come
81%
but
80%
right
80%
Wake
80%
could
79%
Demons
79%
never
79%
someone
79%
again
78%
for
78%
morning
76%
try
74%
friends
73%
Then
73%
comes
71%
defend
71%
wrongs
71%
Bridge You're
71%
New
70%
arms
69%
thought
69%
Verse 2 Thought
69%
die
68%
swear
68%
Darling
67%
led
67%
couldn't
65%
gone
65%
Wrapped
63%
one
62%
only
62%
they
62%
can
61%
get
61%
make
61%
enough
60%
highest
60%
that
60%
this
59%
heart
56%
bad
54%
came
54%
fall
54%
night
54%
dead
52%
them
52%
was
52%
lock
51%
shine
51%
first
50%
chains
49%
wild
47%
highs
46%
topped
43%
found
36%
No matching quizzes found
Score Distribution
Percent of People with Each Score
Percentile by Number Answered
Your Score History
You have not taken this quiz